00774nam a2200181 a 4500003000200000005001700002008004100019050002600060100002700086245011000113260009200223300004000315504004100355650007000396650006000466650002800526650003800554020250523133201.0021127s19uu xx 00 eng d aPGS TD 223b.J25 2001 aJaime, Alvin Jerome E. aA study on the potability of drinking water at Southville International School /cAlvin Jerome E. Jaime. aLas Piñas City, Philippines : bSouthville International School and Colleges,c2001. a17 pages :billustrations ;c28 cm. aIncludes bibliographical references. aDrinking watervQualityzPhilippineszLas Piñas (Metro Manila). aWater qualityzPhilippineszLas Piñas (Metro Manila). aPotable watervTesting. aWatervPurificationzPhilippines.